000 00343nam a2200157Ia 4500
008 210210b1925 xxu||||| |||| 00| 0 eng d
041 _aeng
082 _a883/22
100 _aBHASKARA
245 _aUnmatta rAghAva
260 _aBombay
_b-
_c1925
650 _aUnmatta
650 _arAghAva
690 _aSanskrit Drama
906 _a024352
999 _c149842
_d149842